000
00336nam a2200145Ia 4500
005
20251222152713.0
008
251222s9999||||xx |||||||||||||| ||spa||
020
_a
9788498383522
082
_a
894.541.34/O39
100
_a
Oksanen, Sofi
245
0
_a
Purga
250
_a
2da.ed.
264
_b
Ediciones Salmandra, S.A.
942
_c
LIB
999
_c
29284
_d
29284